<?xml version="1.0" encoding="UTF-8"?><?xml-stylesheet type="text/xsl" href="static/style.xsl"?><OAI-PMH xmlns="http://www.openarchives.org/OAI/2.0/" xmlns:xsi="http://www.w3.org/2001/XMLSchema-instance" xsi:schemaLocation="http://www.openarchives.org/OAI/2.0/ http://www.openarchives.org/OAI/2.0/OAI-PMH.xsd"><responseDate>2026-04-13T07:14:28Z</responseDate><request verb="GetRecord" identifier="oai:www.recercat.cat:11351/11726" metadataPrefix="marc">https://recercat.cat/oai/request</request><GetRecord><record><header><identifier>oai:recercat.cat:11351/11726</identifier><datestamp>2025-10-31T04:45:43Z</datestamp><setSpec>com_2072_378070</setSpec><setSpec>com_2072_378040</setSpec><setSpec>col_2072_378092</setSpec></header><metadata><record xmlns="http://www.loc.gov/MARC21/slim" xmlns:dcterms="http://purl.org/dc/terms/" xmlns:xsi="http://www.w3.org/2001/XMLSchema-instance" xmlns:doc="http://www.lyncode.com/xoai" xsi:schemaLocation="http://www.loc.gov/MARC21/slim http://www.loc.gov/standards/marcxml/schema/MARC21slim.xsd">
   <leader>00925njm 22002777a 4500</leader>
   <datafield ind2=" " ind1=" " tag="042">
      <subfield code="a">dc</subfield>
   </datafield>
   <datafield ind2=" " ind1=" " tag="720">
      <subfield code="a">Edan, Gilles</subfield>
      <subfield code="e">author</subfield>
   </datafield>
   <datafield ind2=" " ind1=" " tag="720">
      <subfield code="a">Freedman, Mark Steven</subfield>
      <subfield code="e">author</subfield>
   </datafield>
   <datafield ind2=" " ind1=" " tag="720">
      <subfield code="a">Kappos, Ludwig</subfield>
      <subfield code="e">author</subfield>
   </datafield>
   <datafield ind2=" " ind1=" " tag="720">
      <subfield code="a">Hartung, Hans-Peter</subfield>
      <subfield code="e">author</subfield>
   </datafield>
   <datafield ind2=" " ind1=" " tag="720">
      <subfield code="a">Barkhof, Frederik</subfield>
      <subfield code="e">author</subfield>
   </datafield>
   <datafield ind2=" " ind1=" " tag="720">
      <subfield code="a">Montalban, Xavier</subfield>
      <subfield code="e">author</subfield>
   </datafield>
   <datafield ind2=" " ind1=" " tag="260">
      <subfield code="c">2024-07-18T09:19:46Z</subfield>
   </datafield>
   <datafield ind2=" " ind1=" " tag="260">
      <subfield code="c">2024-07-18T09:19:46Z</subfield>
   </datafield>
   <datafield ind2=" " ind1=" " tag="260">
      <subfield code="c">2024-07</subfield>
   </datafield>
   <datafield ind2=" " ind1=" " tag="520">
      <subfield code="a">Immunotherapy; Interferon beta-1b; Multiple sclerosis</subfield>
   </datafield>
   <datafield ind2=" " ind1=" " tag="520">
      <subfield code="a">Immunoteràpia; interferó beta-1b; Esclerosi múltiple</subfield>
   </datafield>
   <datafield ind2=" " ind1=" " tag="520">
      <subfield code="a">Inmunoterapia; Interferón beta-1b; Esclerosis múltiple</subfield>
   </datafield>
   <datafield ind2=" " ind1=" " tag="520">
      <subfield code="a">Multiple sclerosis (MS) treatment intervention with immunomodulating therapy at early disease stage improves short term clinical outcomes. The objective of this study is to describe the long-term outcomes and healthcare utilization of patients with clinically isolated syndrome (CIS) included in the Betaferon®/Betaseron® in Newly Emerging MS for Initial Treatment (BENEFIT) randomized, parallel group trial. In BENEFIT patients were assigned to “early” IFNB-1b treatment or placebo (“delayed” treatment). After 2 years or conversion to clinically definite multiple sclerosis (CDMS), all patients were offered IFNB-1b and were reassessed 15 years later. Of 468 patients, 261 (55.8%) were enrolled into BENEFIT 15 (161 [55.1%] from the early, 100 [56.8%] from the delayed treatment arm). In the full BENEFIT analysis set, risk of conversion to CDMS remained lower in the early treatment group ( – 30.5%; hazard ratio 0.695 [95% CI, 0.547–0.883]; p = 0.0029) with a 15.7% lower risk of relapse than in the delayed treatment group (p = 0.1008). Overall, 25 patients (9.6%; 9.9% early, 9.0% delayed) converted to secondary progressive multiple sclerosis. Disability remained low and stable with no significant difference between groups in Expanded Disability Status Scale score or MRI metrics. Paced Auditory Serial Addition Task-3 scores were better in the early treatment group (p = 0.0036 for treatment effect over 15 years). 66.3% of patients were still employed at Year 15 versus 74.7% at baseline. In conclusion, results 15 years from initial randomization support long-term benefits of early treatment with IFNB-1b.</subfield>
   </datafield>
   <datafield ind2=" " ind1=" " tag="520">
      <subfield code="a">Open access funding provided by University of Basel. This study was funded by Bayer AG.</subfield>
   </datafield>
   <datafield tag="653" ind2=" " ind1=" ">
      <subfield code="a">Avaluació de resultats (Assistència sanitària)</subfield>
   </datafield>
   <datafield tag="653" ind2=" " ind1=" ">
      <subfield code="a">Esclerosi múltiple - Tractament</subfield>
   </datafield>
   <datafield tag="653" ind2=" " ind1=" ">
      <subfield code="a">Medicaments immunosupressors - Ús terapèutic</subfield>
   </datafield>
   <datafield tag="653" ind2=" " ind1=" ">
      <subfield code="a">DISEASES::Nervous System Diseases::Autoimmune Diseases of the Nervous System::Demyelinating Autoimmune Diseases, CNS::Multiple Sclerosis</subfield>
   </datafield>
   <datafield tag="653" ind2=" " ind1=" ">
      <subfield code="a">Other subheadings::Other subheadings::Other subheadings::/drug therapy</subfield>
   </datafield>
   <datafield tag="653" ind2=" " ind1=" ">
      <subfield code="a">CHEMICALS AND DRUGS::Chemical Actions and Uses::Pharmacologic Actions::Physiological Effects of Drugs::Immunologic Factors::Immunosuppressive Agents</subfield>
   </datafield>
   <datafield tag="653" ind2=" " ind1=" ">
      <subfield code="a">Other subheadings::Other subheadings::/therapeutic use</subfield>
   </datafield>
   <datafield tag="653" ind2=" " ind1=" ">
      <subfield code="a">ANALYTICAL, DIAGNOSTIC AND THERAPEUTIC TECHNIQUES, AND EQUIPMENT::Diagnosis::Prognosis::Treatment Outcome</subfield>
   </datafield>
   <datafield tag="653" ind2=" " ind1=" ">
      <subfield code="a">ENFERMEDADES::enfermedades del sistema nervioso::enfermedades autoinmunitarias del sistema nervioso::enfermedades autoinmunes desmielinizantes del SNC::esclerosis múltiple</subfield>
   </datafield>
   <datafield tag="653" ind2=" " ind1=" ">
      <subfield code="a">Otros calificadores::Otros calificadores::Otros calificadores::/farmacoterapia</subfield>
   </datafield>
   <datafield tag="653" ind2=" " ind1=" ">
      <subfield code="a">COMPUESTOS QUÍMICOS Y DROGAS::acciones y usos químicos::acciones farmacológicas::efectos fisiológicos de los fármacos::factores inmunitarios::inmunosupresores</subfield>
   </datafield>
   <datafield tag="653" ind2=" " ind1=" ">
      <subfield code="a">Otros calificadores::Otros calificadores::/uso terapéutico</subfield>
   </datafield>
   <datafield tag="653" ind2=" " ind1=" ">
      <subfield code="a">TÉCNICAS Y EQUIPOS ANALÍTICOS, DIAGNÓSTICOS Y TERAPÉUTICOS::diagnóstico::pronóstico::resultado del tratamiento</subfield>
   </datafield>
   <datafield ind2="0" ind1="0" tag="245">
      <subfield code="a">Long-term clinical outcomes in patients with CIS treated with interferon beta-1b: results from the 15-year follow up of the BENEFIT trial</subfield>
   </datafield>
</record></metadata></record></GetRecord></OAI-PMH>